<?xml version="1.0" encoding="UTF-8"?>
<record
    xmlns:xsi="http://www.w3.org/2001/XMLSchema-instance"
    xsi:schemaLocation="http://www.loc.gov/MARC21/slim http://www.loc.gov/standards/marcxml/schema/MARC21slim.xsd"
    xmlns="http://www.loc.gov/MARC21/slim">

  <leader>04296nam a2200529Ii 4500</leader>
  <controlfield tag="001">DIGIBE1308</controlfield>
  <controlfield tag="003">NyNyDIG</controlfield>
  <controlfield tag="006">m     o  d        </controlfield>
  <controlfield tag="007">cr |||||||||||</controlfield>
  <controlfield tag="008">131001s2001    sp a    ob    100 0 spa d</controlfield>
  <datafield tag="020" ind1=" " ind2=" ">
    <subfield code="z">8484890368</subfield>
    <subfield code="q">(Iberoamericana) </subfield>
  </datafield>
  <datafield tag="020" ind1=" " ind2=" ">
    <subfield code="z">9788484890362</subfield>
    <subfield code="q">(Iberoamericana) </subfield>
  </datafield>
  <datafield tag="020" ind1=" " ind2=" ">
    <subfield code="z">3893543783</subfield>
    <subfield code="q">(Vervuert) </subfield>
  </datafield>
  <datafield tag="020" ind1=" " ind2=" ">
    <subfield code="z">9783893543786</subfield>
    <subfield code="q">(Vervuert)</subfield>
  </datafield>
  <datafield tag="035" ind1=" " ind2=" ">
    <subfield code="a">(OCoLC)663305738</subfield>
  </datafield>
  <datafield tag="040" ind1=" " ind2=" ">
    <subfield code="a">DGITA</subfield>
    <subfield code="b">eng</subfield>
    <subfield code="e">pn</subfield>
    <subfield code="c">DGITA</subfield>
  </datafield>
  <datafield tag="041" ind1="0" ind2=" ">
    <subfield code="a">spaeng</subfield>
  </datafield>
  <datafield tag="043" ind1=" " ind2=" ">
    <subfield code="a">cl-----</subfield>
  </datafield>
  <datafield tag="050" ind1="1" ind2="4">
    <subfield code="a">P130.52.L29 eBook</subfield>
  </datafield>
  <datafield tag="245" ind1="0" ind2="3">
    <subfield code="a">Lo propio y lo ajeno en las lenguas austron&#xE9;sicas y amerindias :</subfield>
    <subfield code="b">procesos interculturales en el contacto de lenguas ind&#xED;genas con el espa&#xF1;ol en el Pac&#xED;fico e Hispanoam&#xE9;rica /</subfield>
    <subfield code="c">Klaus Zimmermann y Thomas Stolz, eds.</subfield>
  </datafield>
  <datafield tag="246" ind1="3" ind2="0">
    <subfield code="a">Procesos interculturales en el contacto de lenguas ind&#xED;genas con el espa&#xF1;ol en el Pac&#xED;fico e Hispanoam&#xE9;rica</subfield>
  </datafield>
  <datafield tag="264" ind1=" " ind2="1">
    <subfield code="a">Madrid :</subfield>
    <subfield code="b">Iberoamericana ;</subfield>
    <subfield code="a">Frankfurt am Main :</subfield>
    <subfield code="b">Vervuert,</subfield>
    <subfield code="c">2001.</subfield>
  </datafield>
  <datafield tag="300" ind1=" " ind2=" ">
    <subfield code="a">1 online resource (332 pages) :</subfield>
    <subfield code="b">ill.</subfield>
  </datafield>
  <datafield tag="336" ind1=" " ind2=" ">
    <subfield code="a">text</subfield>
    <subfield code="b">txt</subfield>
    <subfield code="2">rdacontent</subfield>
  </datafield>
  <datafield tag="337" ind1=" " ind2=" ">
    <subfield code="a">computer</subfield>
    <subfield code="b">c</subfield>
    <subfield code="2">rdamedia</subfield>
  </datafield>
  <datafield tag="338" ind1=" " ind2=" ">
    <subfield code="a">online resource</subfield>
    <subfield code="b">cr</subfield>
    <subfield code="2">rdacarrier</subfield>
  </datafield>
  <datafield tag="490" ind1="1" ind2=" ">
    <subfield code="a">Lengua y sociedad en el mundo hisp&#xE1;nico =</subfield>
    <subfield code="a">Language and society in the Hispanic world ;</subfield>
    <subfield code="v">v. 8.</subfield>
  </datafield>
  <datafield tag="500" ind1=" " ind2=" ">
    <subfield code="a">"El presente libro re&#xFA;ne la mayor&#xED;a de las ponencias del coloquio Lo propio y lo ajeno en las lenguas de Austronesia y Amerindia - Procesos interculturales en el contacto ling&#xFC;&#xED;stico alrededor del Pac&#xED;fico, que tuvo lugar del 16 al 18 de abril de 1999 en Bremen"--P. [7].</subfield>
  </datafield>
  <datafield tag="504" ind1=" " ind2=" ">
    <subfield code="a">Includes bibliographical references.</subfield>
  </datafield>
  <datafield tag="505" ind1="0" ind2=" ">
    <subfield code="a">Pr&#xF3;logo -- Procesos interculturales e hispanizaci&#xF3;n en el contacto de lenguas en el Pac&#xED;fico e Hispanoam&#xE9;rica / Klaus Zimmermann y Thomas Stolz: -- Interculturalidad y contacto de lenguas: condiciones de la influencia mutua de las lenguas amerindias con el espa&#xF1;ol / Klaus Zimmermann: -- Hispanicised Comparative Constructions in Indigenous Languages of Austronesia and the Americas / Christel Stolz y Thomas Stolz -- Spanish Grammatical Elements in Bolivian Quechua: The Transcripciones Quechuas Corpus / Pieter Muysken -- Pr&#xE9;stamos, calcos y par&#xE1;frasis del castellano al quechua: Mecanismos para su evaluaci&#xF3;n y adopci&#xF3;n / Julio Calvo P&#xE9;rez -- El espa&#xF1;ol del noroeste argentino y su inserci&#xF3;n en el &#xE1;rea ling&#xFC;&#xED;stica andina. Implicaciones metodol&#xF3;gicas / Germ&#xE1;n de Granda -- Cambios gramaticales por el contacto entre el otom&#xED; y el espa&#xF1;ol / Ewald Hekking -- Algunos aspectos del papel de las palabras funcionales para y para que en el contacto de las lenguas zapoteca y espa&#xF1;ola (M&#xE9;xico) / Martina Schrader-Kniffki -- Spanish in the Nahuatl of the Balsas River Basin During the XXth Century: From Language Shift to Language Appropriation and Resistance / Jos&#xE9; Antonio Flores Farf&#xE1;n -- La literatura maya-yukateka entre la creaci&#xF3;n po&#xE9;tica propia y la expansi&#xF3;n ling&#xFC;&#xED;stica ajena / Francesc Ligorred Perramon -- El chabacano, un caso de relexificaci&#xF3;n del (proto-)criollo portugu&#xE9;s / Angela Bartens -- The Influence of Spanish on Tagalog / John U. Wolff: -- Los numerales hispano-chamorros / Rafael Rodr&#xED;guez-Ponga -- Voces ind&#xED;genas americanas en las lenguas del Pac&#xED;fico / Paloma Albal&#xE1; Hern&#xE1;ndez -- Spanish and the Missionization Effort on Pohnpei Language and Cultural Influences / Elizabeth Keating -- Hispanicization in the Rapanui Language of Easter Island / Steven Roger Fischer.</subfield>
  </datafield>
  <datafield tag="546" ind1=" " ind2=" ">
    <subfield code="a">Spanish or English.</subfield>
  </datafield>
  <datafield tag="650" ind1=" " ind2="0">
    <subfield code="a">Languages in contact</subfield>
    <subfield code="z">Latin America</subfield>
    <subfield code="v">Congresses.</subfield>
  </datafield>
  <datafield tag="650" ind1=" " ind2="0">
    <subfield code="a">Languages in contact</subfield>
    <subfield code="z">Pacific Area</subfield>
    <subfield code="v">Congresses.</subfield>
  </datafield>
  <datafield tag="650" ind1=" " ind2="0">
    <subfield code="a">Spanish language</subfield>
    <subfield code="x">Influence on foreign languages</subfield>
    <subfield code="v">Congresses.</subfield>
  </datafield>
  <datafield tag="650" ind1=" " ind2="0">
    <subfield code="a">Indians</subfield>
    <subfield code="x">Languages</subfield>
    <subfield code="v">Congresses.</subfield>
  </datafield>
  <datafield tag="650" ind1=" " ind2="0">
    <subfield code="a">Austronesian languages</subfield>
    <subfield code="v">Congresses.</subfield>
  </datafield>
  <datafield tag="651" ind1=" " ind2="0">
    <subfield code="a">Latin America</subfield>
    <subfield code="x">Languages</subfield>
    <subfield code="v">Congresses.</subfield>
  </datafield>
  <datafield tag="655" ind1=" " ind2="0">
    <subfield code="a">Electronic books.</subfield>
  </datafield>
  <datafield tag="700" ind1="1" ind2=" ">
    <subfield code="a">Zimmermann, Klaus,</subfield>
    <subfield code="d">1947-</subfield>
  </datafield>
  <datafield tag="700" ind1="1" ind2=" ">
    <subfield code="a">Stolz, Thomas.</subfield>
  </datafield>
  <datafield tag="791" ind1="2" ind2=" ">
    <subfield code="a">Digitalia (Firm),</subfield>
    <subfield code="e">distributor.</subfield>
  </datafield>
  <datafield tag="830" ind1=" " ind2="0">
    <subfield code="a">Lengua y sociedad en el mundo hisp&#xE1;nico ;</subfield>
    <subfield code="v">8.</subfield>
  </datafield>
  <datafield tag="793" ind1="0" ind2=" ">
    <subfield code="g">Digitalia eBook Collection:</subfield>
    <subfield code="a">Iberoamericana/Vervuert.</subfield>
  </datafield>
  <datafield tag="856" ind1="4" ind2="0">
    <subfield code="3">Digitalia Hisp&#xE1;nica</subfield>
    <subfield code="u">https://www.digitaliapublishing.com/a/21025/</subfield>
  </datafield>
  <datafield tag="910" ind1=" " ind2=" ">
    <subfield code="a">Premium Collection: 2007-2012</subfield>
  </datafield>
  <datafield tag="942" ind1=" " ind2=" ">
    <subfield code="c">RAA</subfield>
  </datafield>
  <datafield tag="952" ind1=" " ind2=" ">
    <subfield code="0">0</subfield>
    <subfield code="1">0</subfield>
    <subfield code="4">0</subfield>
    <subfield code="7">0</subfield>
    <subfield code="8">DEH</subfield>
    <subfield code="a">BD-UIN</subfield>
    <subfield code="b">BD-UIN</subfield>
    <subfield code="d">2025-04-25</subfield>
    <subfield code="l">0</subfield>
    <subfield code="r">2025-04-25</subfield>
    <subfield code="w">2025-04-25</subfield>
    <subfield code="y">RAA</subfield>
  </datafield>
  <datafield tag="999" ind1=" " ind2=" ">
    <subfield code="c">237265</subfield>
    <subfield code="d">237265</subfield>
  </datafield>
</record>
